000 00281nam a2200109 4500
999 _c9529
_d9529
008 180706b ||||| |||| 00| 0 eng d
245 _aPili pinas:
_bDebates 2016
260 _aDavao City
_bSun Star Davao
_cc2016
300 _apage B4.
650 0 _928308
_aPolitics.
942 _2ddc
_cPER